Merseyside Places - Sudden Death - Statistics

General Stats
  • This quiz has been taken 64 times
  • The average score is 7 of 12
Answers on the Grid
Answers color-coded by a green-red scale on the quiz's grid according to % correct below.
Birkenhead
Bournemouth
Bromborough
Cannock
Chester
Chippenham
Crewe
Crosby
Didcot
Formby
Heswall
Knowsley
Liverpool
Mablethorpe
Newton-le-Willows
Royston
Southport
St. Helens
Stockton-on-Tees
Stockton-on-Tees
Wallasey
Warrington
West Kirby
Weston-super-Mare
 
Answer Stats
Answer % Correct
Liverpool
85%
Birkenhead
66%
St. Helens
66%
Formby
63%
Southport
63%
Wallasey
63%
Crosby
61%
Knowsley
56%
West Kirby
51%
Heswall
46%
Newton-le-Willows
44%
Bromborough
32%
No matching quizzes found
Score Distribution
Percent of People with Each Score
Percentile by Number Answered
Your Score History
You have not taken this quiz